Представление документа в формате RUSMARC

ПолеНазваниеЗначение
  Тип записи a
  Библиографический уровень m
001 Контрольный номер RU/УОНБ/EK/437491254
005 Дата корректировки 20240131005815.0
010 Индекс ISBN __
a ISBN 978-5-9795-1116-0
d Цена 60 р.
9 Тираж 125 экз.
100 Данные общей обработки __
a Данные общей обработки 20131111d2013 k y0rusy0189||||ca
101 Язык документа 0_
a Язык текста rus
102 Страна публикации __
a Страна публикации RU
105 Кодированные данные (монография) __
a Кодированные данные (монография) a z 001yy
200 Заглавие и сведения об ответственности 1_
a Заглавие Современные проблемы создания и эксплуатации радиотехнических систем
e Сведения, относящиеся к заглавию сб. науч. тр. 8-й Всерос. науч.-практ. конф. (с участием стран СНГ) г. Ульяновск, 1-2 июля 2013 г.
f Первые сведения об ответственности М-во образования и науки РФ, Ульян. гос. техн. ун-т [и др.]
g Последующие сведения об ответственности [отв. ред. К.К. Васильев]
210 Выходные данные 1_
d Дата издания 2013
a Место издания Ульяновск
c Издательство Изд-во УлГТУ
215 Физическое описание __
a Объем 265 с.
c Иллюстрации/тип воспроизводства ил.
d Формат 20 см
320 Библиография __
a Библиография Библиогр. в конце ст.
606 Тематические рубрики 0_
a Основная рубрика Радиотехнические системы
x Основная подрубрика Эксплуатация
j Формальный подзаголовок Сборники
686 Индексы других классификаций __
a Классификационный индекс 32.84я43
2 Код системы rubbk
711 Наименование организации. (Альтернативная ответственность) 12
a Организация/ юрисдикция Современные проблемы создания и эксплуатации радиотехнических систем
d Порядковый номер 8
e Место проведения Ульяновск
f Дата проведения 2013
4 Код отношения 570
801 Источник записи _0
a Страна RU
b Организация Ульяновская ОНБ
c Дата составления 20131111
g Правила каталогизации RCR
801 Источник записи _1
a Страна RU
b Организация Ульяновская ОНБ
c Дата составления 20131111
g Правила каталогизации RCR
901 Тип документа __
t Тип документа m
909 Создатель записи __
a Создатель записи Молодцова
b Дата создания записи 20140331
938 Служебная информация __
a Имя БД books
b Имя библиотеки УОНБ
c Имя АИБС МАРК-SQL
d Номер DOC_ID в БД 299395